Rois et Reines d'Angleterre - Statistiques

Statistiques générales
  • Ce quiz a été pris 25 480 fois
  • Le résultat moyen est 8 sur 13
Statistiques - réponses
# Name % Correct
2 Elisabeth
98%
3 Charles
96%
8 Henri
82%
4 Guillaume
74%
1 Victoria
73%
6 George
72%
8 Edouard
61%
1 Jean
56%
2 Marie
55%
3 Richard
46%
2 Jacques
41%
1 Anne
29%
1 Etienne
17%
Aucun quiz correspondant
Distribution des résultats
% des personnes avec chaque résultat
Percentile par nombre de réponses
Votre historique - résultats
Vous n’avez pas pris ce quiz